The politics of Aristotle. (Record no. 1729)
[ view plain ]
| 000 -LEADER | |
|---|---|
| fixed length control field | 00608nac a22001811u 4500 |
| 008 - FIXED-LENGTH DATA ELEMENTS--GENERAL INFORMATION | |
| fixed length control field | 081103t1958 ny |||||r|||| 001 0 eng d |
| 010 ## - LIBRARY OF CONGRESS CONTROL NUMBER | |
| LC control number | 58011203 |
| 035 ## - SYSTEM CONTROL NUMBER | |
| System control number | (OCoLC)2431755 |
| 082 ## - DEWEY DECIMAL CLASSIFICATION NUMBER | |
| Classification number | 320.1 |
| Item number | ARI |
| Edition number | 22 |
| 245 14 - TITLE STATEMENT | |
| Title | The politics of Aristotle. |
| Statement of responsibility, etc | Translated with an introd., notes, and appendixes by Ernest Barker. |
| 260 ## - PUBLICATION, DISTRIBUTION, ETC. (IMPRINT) | |
| Place of publication, distribution, etc | New York, |
| Name of publisher, distributor, etc | Oxford University Press |
| Date of publication, distribution, etc | [c1958] |
| 300 ## - PHYSICAL DESCRIPTION | |
| Extent | ixxvi, 411 p. |
| Dimensions | 21 cm. |
| 500 ## - GENERAL NOTE | |
| General note | Donations |
| 500 ## - GENERAL NOTE | |
| General note | Donations - Dr. Mostafa Gouda |
| 650 #0 - SUBJECT ADDED ENTRY--TOPICAL TERM | |
| Topical term or geographic name as entry element | Political science. |
| 9 (RLIN) | 33543 |
| 700 1# - ADDED ENTRY--PERSONAL NAME | |
| Personal name | Barker, Ernest, |
| Titles and other words associated with a name | Sir, |
| Dates associated with a name | 1874-1960, |
| 9 (RLIN) | 33506 |
| 942 ## - ADDED ENTRY ELEMENTS (KOHA) | |
| Item type | NB - Book (Non borrowing) |
| Call number prefix | 320.1ARI |
| Source of classification or shelving scheme | Dewey Decimal Classification |
| Withdrawn status | Item status | Damaged status | Not for loan | Home library | Current library | Shelving location | Date acquired | Source of acquisition | Total Checkouts | Total Renewals | Full call number | Barcode | Date last seen | Date last borrowed | Koha item type |
|---|---|---|---|---|---|---|---|---|---|---|---|---|---|---|---|
| Central Library | Central Library | First floor | 11/12/2006 | Purchase | 6 | 49 | 320.1 ARI | 000002588 | 15/07/2025 | 28/02/2021 | Book - Borrowing |